1748 1099 1875 1867 1431 1241 1125 1617 1546 1053 1845 1641 1679 1242 1555 1807 1116 1686 1397 1406 1763 1015 1292 1865 1783 1905 1557 1963 1977 1825 1161 1834 1538 1269 1071 1765 1322 1722 1413 1452 1504 1822 1903 1296 1989 1410 1753 1429 1763 1226 1373 1668 1772 1309 1976 1379 1118 1540 1985 1899 1957 1123 1551 1000 1251 1147 1218 1320 1205 1174 1391 1660 1754 1529 1035 1711 1736 1702 1388 1601 1930 1263 1563 1137 1213 1949 1865 1112 1809 1356 1068 1837 1902 1090 1240 1929 1439 1316 1776 BCNSPRNW ULIB Ver.6.0+V

เปลี่ยนเป็นภาษาไทย

Change to English
 แสดงรายละเอียดบรรณานุกรม
  กลับหน้าหลัก

Brief Record : Get Marc (ISO 2709) : E-mail record : QR code < ปิดหน้าต่าง
LEADER : 00000nam 2200000uu 4500
001    13399126202
003     ULIB
008    180722s2017||||th 000 0 tha d
020    ^a9781316637869
050 00 ^aPE1128^bC172^cV.12
245 10 ^aCambridge practice tests for IELTS 12
260    ^aCambridge :^bCambridge University Press,^c2017
300    ^a136 p.:^bill. ;^c25 cm.
650 00 ^aInternational English Language Testing System.
650 00 ^aEnglish language^xExaminations, questions, etc.
650 00 ^aEnglish language^xTextbooks for foreign speakers
945    ^p0^l0^i26419
999    ^aกัณชพร จุลอักษร
รายการนี้ยังไม่มีแท็ก
คุณยังไม่ได้ล็อกอิน คุณสามารถมีกิจกรรมร่วมกับเว็บไซต์ได้ แต่ต้องล็อกอินก่อน ::
  ล็อกอิน

รายการสื่อสารสนเทศ

ลำดับที่ ประเภท เลขเรียก/บาร์โค้ด สถานที่ สถานะ
1. วิทยาศาสตร์การแพทย์ และสุขภาพ
วิทยาศาสตร์การแพทย์ และสุขภาพ
PE1128 C172 V.12 ฉ.1 
  Barcode: 26419
ห้องสมุดวิทยาเขตนครสวรรค์
►หนังสือทั่วไป:l:General Books
บนชั้น

รายการใกล้เคียง
    ชื่อเรื่อง [Cambridge practice tests for IELTS 12]

    หัวเรื่อง [International English Language Testing System.]

BibComment


ยังไม่เคยถูกคอมเมนท์

คอมเมนท์ทรัพยากรรายการนี้
  คอมเมนท์: Cambridge practi..


 Copyright 2026. Bcnsprnw @Library